000 00674nam a2200229Ia 4500
001 15845
003 GE_BSU
008 181216s||||||||xx |||||||||||||| ||und||
040 _cGE_BSU
080 _a821.353.1-1
100 _aხარანაული, ბესიკ
245 _aაგონიური
245 _bლექსები
245 _cრედ. ლეილა მესხი. მხ. ლ.ხერანაული
260 _aთბილისი
260 _bმერანი
260 _c1991
300 _a168გვ. ; 17სმ.ილ.
653 _aაგონიური
653 _aლექსები
942 _cBK
999 _c48942
_d48942